000 00676nam a2200229Ia 4500
003 OSt
005 20220926021954.0
006 a|||||r|||| 00| 0
007 ta
008 220923b |||||||| |||| 00| 0 eng d
037 _cGeneral Book
040 _aRTL
_cRTL
_beng
041 _2eng
_aeng
082 _aV1N45,93:3:(X71).N57, J7/UN
110 _aUNITED NATIONS.
245 0 _aInformations annex III to budget estimates for the financial year 1958.
260 _aNew York
_bUnited Nations
_c1957
300 _av,33p.
_ccm.
700 _aUNITED NATIONS.
942 _hV1N45,93:3:(X71).N57, J7/UN
_cGB
_2CC
999 _c638173
_d638173